| 000 | 00448nam a2200193Ia 4500 | ||
|---|---|---|---|
| 003 | STCL | ||
| 008 | 221019s9999 xx 000 0 und d | ||
| 020 | _a9788187134169 | ||
| 040 |
_aSTCL _cSTCL _bEN |
||
| 082 | _222 | ||
| 100 | _aAnup, Pathak | ||
| 100 | _aSaha, Anupa | ||
| 245 | 0 | _aOrganic chemistry: Volume 2 | |
| 260 |
_bBooks and Allied _aKolkata _c2017 |
||
| 300 | _a917 p | ||
| 365 | _b675 | ||
| 546 | _aEnglish | ||
| 942 |
_cBK _2DDC _e22 |
||
| 999 |
_c87496 _d87496 |
||